Sports Quiz

Random Sports Quiz

Eagles First Round Draft Picks (Since 1999) Quiz Stats

 Plays Quiz not verified by Sporcle

Challenge
Share
Tweet
Embed
Score 0/11 Timer 04:00
0 Plays Today
Draft Year Player % Correct
1999Donovan Mcnabb
100%
2009Jeremy Maclin
95.4%
2011Danny Watkins
75.9%
2002Lito Sheppard
74.1%
2010Brandon Graham
72.2%
2001Freddie Mitchell
69.4%
2005Mike Patterson
69.4%
2006Brodrick Bunkley
67.6%
2000Corey Simon
63.9%
2004Shawn Andrews
52.8%
2003Jerome McDougle
49.1%

You're not logged in!

Compare scores with friends on all Sporcle quizzes.
Join for Free
OR
Log In

You Might Also Like...

Show Comments

Extras

Created Nov 24, 2011ReportNominate
Tags:1999, draft, eagle, Picks Since, player, round

Top Quizzes Today


Score Distribution

Your Account Isn't Verified!

In order to create a playlist on Sporcle, you need to verify the email address you used during registration. Go to your Sporcle Settings to finish the process.

Report this User

Report this user for behavior that violates our Community Guidelines.

Details: